नीतिशास्त्र सत्यनिष्ठा एवं अभिरुचि/ (Record no. 199225)

MARC details
000 -LEADER
fixed length control field 00830nam a22001817a 4500
005 - DATE AND TIME OF LATEST TRANSACTION
control field 20231124143814.0
010 ## - LCCN (DPL NO)
LC control number HIN-126384
020 ## - INTERNATIONAL STANDARD BOOK NUMBER
International Standard Book Number 9789395308281
Terms of availability 475.00
035 ## - SYSTEM CONTROL NUMBER
System control number HN-98730
037 ## - SOURCE OF ACQUISITION
Source of stock number/acquisition DBAD/PUB.
082 ## - DEWEY DECIMAL CLASSIFICATION NUMBER
Classification number 352.6076
100 ## - MAIN ENTRY--PERSONAL NAME
Personal name बरेडिया,एस एस
245 ## - TITLE STATEMENT
Title नीतिशास्त्र सत्यनिष्ठा एवं अभिरुचि/
Statement of responsibility, etc एस एस बरेडिया और अजब लाल लिल्हारे
260 ## - PUBLICATION, DISTRIBUTION, ETC. (IMPRINT)
Place of publication, distribution, etc हैदराबाद
Name of publisher, distributor, etc संगम बुक्स
Date of publication, distribution, etc 2023
270 ## - ADDRESS
Address 3-6-747/1/A & 3-6-754/1 हिमायतनगर
City हैदराबाद
Postal code 500029
300 ## - PHYSICAL DESCRIPTION
Extent 315 पृष्ट
Dimensions 24 सेमी (अजिल्द)
942 ## - ADDED ENTRY ELEMENTS (KOHA)
Institution code [OBSOLETE] DPL
Item type Hindi Books
Source of classification or shelving scheme Dewey Decimal Classification
Classification part 352.6076
Call number suffix बरेडि
Holdings
Withdrawn status Lost status Not for loan Collection code Home library Current library Date acquired Source of acquisition Cost, normal purchase price Full call number Barcode Copy number Cost, replacement price Koha item type
      Non-fiction Vinoba Puri Vinoba Puri 24/11/2023 DBAD/PUB 475.00 352.6076 बरेडि HN-98730 1 475.00 Hindi Books

© Delhi Public Library
Hit Counter
free hit counter